A textbook of optics for B.Sc. classes as per UGC model syllabus / (Record no. 178597)

MARC details
000 -LEADER
fixed length control field 00791nam a22002417a 4500
005 - DATE AND TIME OF LATEST TRANSACTION
control field 20210407151258.0
008 - FIXED-LENGTH DATA ELEMENTS--GENERAL INFORMATION
fixed length control field 210407b ||||| |||| 00| 0 eng d
010 ## - LCCN (DPL NO)
LC control number B-162182
020 ## - INTERNATIONAL STANDARD BOOK NUMBER
International Standard Book Number 9788121926119
Terms of availability 305.00
035 ## - SYSTEM CONTROL NUMBER
System control number B-162182
037 ## - SOURCE OF ACQUISITION
Stock number dpl
082 ## - DEWEY DECIMAL CLASSIFICATION NUMBER
Classification number 535
Item number SUB
100 ## - MAIN ENTRY--PERSONAL NAME
Personal name Subrahmanyam, N.
245 ## - TITLE STATEMENT
Title A textbook of optics for B.Sc. classes as per UGC model syllabus /
Statement of responsibility, etc by N. Subrahmanyam [and] Brij Lal ; revised by M.N. Avadhanulu
250 ## - EDITION STATEMENT
Edition statement Multicolour illustrative ed
260 ## - PUBLICATION, DISTRIBUTION, ETC. (IMPRINT)
Place of publication, distribution, etc New Delhi
Name of publisher, distributor, etc S. Chand
Date of publication, distribution, etc 2014(repr.)
270 ## - ADDRESS
Address 7361, Ram Nagar
City New Delhi
Postal code 110055
300 ## - PHYSICAL DESCRIPTION
Extent xx,729p. :
Dimensions 24cm(pbk)
Other physical details col.ill.
700 ## - ADDED ENTRY--PERSONAL NAME
Personal name Brij Lal
700 ## - ADDED ENTRY--PERSONAL NAME
Personal name Avadhanulu, M.N.
942 ## - ADDED ENTRY ELEMENTS (KOHA)
Source of classification or shelving scheme Dewey Decimal Classification
Item type English Books
Call number suffix SUB
Classification part 535
Holdings
Withdrawn status Lost status Source of classification or shelving scheme Damaged status Not for loan Home library Current library Date acquired Cost, normal purchase price Total Checkouts Full call number Barcode Date last seen Cost, replacement price Koha item type
    Dewey Decimal Classification     Sarojini Nagar Sarojini Nagar 07/04/2021 305.00   535 SUB B-162182 07/04/2021 305.00 English Books

© Delhi Public Library
Hit Counter
free hit counter